Ca n'existe pas - Statistiques

Statistiques générales
  • Ce quiz a été pris 106 fois
  • Le résultat moyen est 12 sur 18
Statistiques - réponses
Définition Réponse % Correct
Il dépose des cadeaux la nuit du 24 au 25 décembre Père-Noël
98%
Sorte de cheval avec une corne Une licorne
90%
Celle de Panoramix rend quasi invincible La potion magique
88%
Elle récolte les dents des enfants sous les oreillers La petite souris
82%
Souvent, une femme qui se tient au bord de la route, en pleine nuit, comme un spectre annonciateur de malheur La Dame Blanche
81%
Outil du magicien pour lancer des sorts Baguette magique
78%
Il vivrait dans un Lac en Écosse Le monstre du Loch Ness
78%
Il renait de ces cendres Le phénix
75%
Elle utilise son chant pour attirer les marins égarés Une sirène
75%
Casper ou Ectoplasma par exemple Un fantôme
75%
Mi homme, mi cheval Le centaure
67%
Petites créatures bleues créées par Peyo Les Schtroumpfs
66%
Géant des contes de fées, à l'aspect effrayant, se nourrissant de chair humaine Un ogre
64%
Un génie en sort si on la frotte Une lampe magique
61%
Sorte de gigantesque reptile, ailes déployées et pattes armées de griffes Un dragon
52%
Animal vivant en Palombie Le marsupilami
51%
Créature du folklore scandinave aux oreilles pointues, génie de l'air Un elfe
33%
Destiné à effrayer les enfants, il est à l'origine un mangeur de chats Le croquemitaine
17%
Aucun quiz correspondant
Distribution des résultats
% des personnes avec chaque résultat
Percentile par nombre de réponses
Votre historique - résultats
Vous n’avez pas pris ce quiz